इसे छोड़कर सामग्री पर बढ़ने के लिए
आपका खाता
लॉग आउट
लॉग इन करें
भाषा
English
Deutsch
Español
Français
Italiano
日本語
Nederlands
Português
Português (Brasil)
中文(简体)
中文(繁體)
Türkçe
עברית
Gaeilge
Cymraeg
Ελληνικά
Català
Euskara
Русский
Čeština
Suomi
Svenska
polski
Dansk
slovenščina
اللغة العربية
বাংলা
Galego
Tiếng Việt
Hrvatski
हिंदी
सभी फ़ील्ड्स
शीर्षक
लेखक
विषय
बोधानक
आईएसबीएन / आईएसएसएन
टैग
खोज
उन्नत
खोज
JETRO - Its organization and f...
स्टाफ के लिए
इसे उद्धृत करें
इसे ईमेल करें
प्रिंट
निर्यात रिकॉर्ड
को निर्यात RefWorks
को निर्यात EndNoteWeb
को निर्यात EndNote
को निर्यात MARC
को निर्यात MARCXML
को निर्यात RDF
को निर्यात BibTeX
को निर्यात RIS
सूची में सहेजें
JETRO - Its organization and funtions
में बचाया:
ग्रंथसूची विवरण
स्वरूप:
पुस्तक
भाषा:
Undetermined
प्रकाशित:
Tokyo
JETRO
1974
विषय:
Trade
टैग :
टैग जोड़ें
कोई टैग नहीं, इस रिकॉर्ड को टैग करने वाले पहले व्यक्ति बनें!
Thư viện lưu trữ:
Trung tâm Học liệu Trường Đại học Cần Thơ
होल्डिंग्स
विवरण
टिप्पणियाँ
समान संसाधन
स्टाफ के लिए
LEADER
00368nam a2200145Ia 4500
001
CTU_78865
008
210402s9999 xx 000 0 und d
082
|a
380.1
082
|b
J.58
245
0
|a
JETRO - Its organization and funtions
260
|a
Tokyo
260
|b
JETRO
260
|c
1974
650
|a
Trade
980
|a
Trung tâm Học liệu Trường Đại học Cần Thơ
समान संसाधन
JETRO-Its organization and activities 1977
प्रकाशित: (1973)
A guide to JETRO
प्रकाशित: (1982)
Structural biology and funtional Genomics
द्वारा: Structural biology and funtional Genomics
प्रकाशित: (1999)
Primes and Value Funtions : Application to the Arithmetrical Theory of Central Simple Algebras /
द्वारा: Geel, Jan Van
प्रकाशित: (1980)
The world trade organization
द्वारा: Macrory, Patrick F. J.
प्रकाशित: (2005)
लोड हो रहा है...